000 00789cam a2200217 a 4500
001 000012371
005 20200929163020.0
008 760707s1975 sp a b 000 0 spa
020 _a8473530292
040 _aDO-SdBNP
_bspa
_cLC
_dBNPHU
082 _a371.71098
_bO48f
100 1 _aOliveros Alonso, Angel.
_929066
245 1 3 _aLa formación de los profesores en América Latina /
_cAngel Oliveros Alonso ; prólogo José Blat Gímeno.
260 _aBarcelona :
_bPromocion Cultural,
_bUNESCO,
_c1975.
300 _a167 p. :
_bil. ;
_c24 cm.
650 4 _aFormación profesional de maestros
_zAmérica Latina.
_929067
650 4 _aCapacitación docente
_zAmérica Latina
_929068
700 1 _aBlat Gímeno, José,
_epról.
_94723
910 _aCatalogación por copia / LC
049 _aBNGR
999 _c12028
_d12028